Kiểm soát chi phí nâng cao hiệu quả chi tiêu

Guardat en:
Dades bibliogràfiques
Autor corporatiu: Business Edge
Format: Llibre
Idioma:Undetermined
Publicat: Tp HCM Trẻ 2003
Matèries:
Etiquetes: Afegir etiqueta
Sense etiquetes, Sigues el primer a etiquetar aquest registre!
Thư viện lưu trữ: Trung tâm Học liệu Trường Đại học Cần Thơ
LEADER 00591nam a2200205Ia 4500
001 CTU_56754
008 210402s9999 xx 000 0 und d
020 |b 20000 
082 |a 658.4 
082 |b B979 
110 |a Business Edge 
245 0 |a Kiểm soát chi phí nâng cao hiệu quả chi tiêu 
245 0 |c Business Edge 
260 |a Tp HCM 
260 |b Trẻ 
260 |c 2003 
650 |a business management,creative ability in business,finance,executives 
650 |x mamangement 
904 |i Hiếu 
980 |a Trung tâm Học liệu Trường Đại học Cần Thơ